Πληθωρισμός και συνδικάτα
Saved in:
| Main Author: | |
|---|---|
| Format: | Book |
| Language: | Greek |
| Published: |
Αθήναι :
Gutenberg,
|
| Subjects: | |
| Tags: |
Add Tag
No Tags, Be the first to tag this record!
|
MARC
| LEADER | 00000nam a2200000 i 4500 | ||
|---|---|---|---|
| 001 | 1/42389 | ||
| 008 | 960425s1986 gre d | ||
| 035 | |l 10025583 | ||
| 040 | |a GR-MY-UA |b gre |e aacr | ||
| 041 | 0 | |a gre | |
| 082 | 0 | |a 332.41 | |
| 100 | 1 | |a Γερμίδης, Δημήτρης Α. | |
| 245 | 1 | 0 | |a Πληθωρισμός και συνδικάτα / |c Δημήτρη Γερμίδη |
| 260 | |a Αθήναι : |b Gutenberg, | ||
| 300 | |a 269 σ. | ||
| 650 | 0 | 0 | |a Inflation (Finance) |
| 650 | 0 | 0 | |a Labor unions. |
| 852 | |a INST |b CHIOS |e 19960425 |h 332.41 ΓΕΡ |p 005200005572 |q 005200005572 |t BK |y 0 | ||
| 909 | |a Χ |b 003438 | ||